Technické riešenie služby IPTV

Uložené v:
Podrobná bibliografia
Hlavný autor: Moravec, Ľuboš (Autor)
Ďalší autori: Baroňák, Ivan (Vedúci práce)
Médium: Rukopis Kniha
Jazyk:Slovak
Vydavateľské údaje: Bratislava : STU v Bratislave FEI, 2020
Predmet:
On-line prístup:https://opac.crzp.sk/?fn=detailBiblioForm&sid=669792990D135F3F58BFAC0DC5E0&seo=CRZP-detail-kniha
Tagy: Pridať tag
Žiadne tagy, Buďte prvý, kto otaguje tento záznam!

MARC

LEADER 00000ntm a22000003a 4500
001 stuzp76764
003 SK-STU
005 20200818092743.7
007 ta
008 150427s2015----xo-----f-mn---000-0-slo-d
040 |a STU  |b slo 
041 0 |a slo 
044 |a xo 
100 1 |a Moravec, Ľuboš  |u 037000  |4 aut  |U FEI Fakulta elektrotechniky a informatiky  |T FEI Ústav multimediálnych informačných a komunikačných technológií  |X 79890  |U E070  |Y 818  |7 79890 
242 0 1 |a Technical solution of IPTV service  |y eng 
245 1 0 |a Technické riešenie služby IPTV 
260 |c Bratislava :  |c STU v Bratislave FEI,  |c 2020 
300 |a 70 s. 
650 4 |a IPTV  |2 slo 
650 4 |a DSL  |2 slo 
650 4 |a dimenzovanie  |2 slo 
650 4 |a DSL  |2 eng 
650 4 |a IPTV  |2 eng 
650 4 |a dimensioning  |2 eng 
700 1 |a Baroňák, Ivan  |u 037000  |k Z1  |4 ths  |U FEI Fakulta elektrotechniky a informatiky  |T FEI Ústav multimediálnych informačných a komunikačných technológií  |X 1925  |U E070  |Y 818  |7 A000001925 
856 4 |u https://opac.crzp.sk/?fn=detailBiblioForm&sid=669792990D135F3F58BFAC0DC5E0&seo=CRZP-detail-kniha